Central Library OPAC University of Rajshahi

Afghanistan 1919 : (Record no. 27204)

MARC details
000 -LEADER
fixed length control field 00750cam a22002531 4500
001 - CONTROL NUMBER
control field 27204
003 - CONTROL NUMBER IDENTIFIER
rucl marc code BD-RjUL
005 - DATE AND TIME OF LATEST TRANSACTION
control field 20211209051127.0
008 - FIXED-LENGTH DATA ELEMENTS--GENERAL INFORMATION
fixed length control field 140324t1962 U a 001 0 eng
035 ## - SYSTEM CONTROL NUMBER
System control number (BD-RjUL)27276
System control number (OCoLC)27795836
040 ## - CATALOGING SOURCE
Original cataloging agency DLC
Transcribing agency NAlU
Modifying agency Uk
-- DLC
Language of cataloging eng
041 ## - LANGUAGE CODE
Language code of text/sound track or separate title eng
082 ## - DEWEY DECIMAL CLASSIFICATION NUMBER
Classification number 954.035
Author mark and year MOA 1962
100 1# - MAIN ENTRY--PERSONAL NAME
Personal name Molesworth, G. N.
Fuller form of name (George Noble),
Dates associated with a name 1890-1968.
9 (RLIN) 83492
245 10 - TITLE STATEMENT
Title Afghanistan 1919 :
Remainder of title an account of operations in the Third Afghan War /
Statement of responsibility, etc. G. N. Molesworth
260 ## - PUBLICATION, DISTRIBUTION, ETC. (IMPRINT)
Place of publication, distribution, etc. New York :
Name of publisher, distributor, etc. Asia Pub. House,
Date of publication, distribution, etc. c1962
300 ## - PHYSICAL DESCRIPTION
Pagination 183 p. :
Illustrations ill. ;
Size 23 cm.
504 ## - BIBLIOGRAPHY, ETC. NOTE
Bibliography, etc Includes index
650 #0 - SUBJECT ADDED ENTRY--TOPICAL TERM
Topical term or geographic name as entry element Afghan Wars.
9 (RLIN) 83493
942 ## - ADDED ENTRY ELEMENTS (KOHA)
Source of classification or shelving scheme Dewey Decimal Classification
Koha item type Books
Holdings
Lost status Source of classification or shelving scheme Damaged status Not for loan Collection code Permanent Location Current Location Shelving location Date acquired Source of acquisition Cost, normal purchase price Total Checkouts Full call number Date last seen Copy number Koha item type
  Dewey Decimal Classification   Added to bundle Non-fiction Central Library, University of Rajshahi Central Library, University of Rajshahi Reading Room 04/09/1969 Zeitlinger 35.00   954.035 MOA 1962 24/03/2014 C-1 Books
  Dewey Decimal Classification     Non-fiction Central Library, University of Rajshahi Central Library, University of Rajshahi   05/04/1965 Green book house 20.30   954.035 MOA 1962 24/03/2014 C-3 Books
  Dewey Decimal Classification     Non-fiction Central Library, University of Rajshahi Central Library, University of Rajshahi   31/03/2014       954.035 MOA 1962 31/03/2014 C-2 Books